Statistiques concernant Devinez le Pays Mystère #70

Cliquez ici pour prendre le quiz!

Statistiques générales

  • Ce quiz a été pris 338 fois
  • Le résultat moyen est 9 sur 15

Statistiques - réponses

Type de RéponseRéponse% Correct
Lettre TrouvéeE
99%
Lettre Bien PlacéeE
97%
Lettre TrouvéeI
90%
Lettre TrouvéeE
88%
Lettre TrouvéeU
67%
Lettre Bien PlacéeI
61%
Lettre TrouvéeM
52%
Lettre Bien PlacéeE
47%
Lettre TrouvéeQ
47%
Lettre Bien PlacéeM
39%
Pays MystèreMexique
38%
Lettre Bien PlacéeQ
38%
Lettre Bien PlacéeU
38%
Lettre Bien PlacéeX
38%
Lettre TrouvéeX
38%

Distribution des résultats

Percentile par nombre de réponses

% des personnes avec chaque résultat

Votre développement - résultats

Vous n’avez pas pris ce quiz